000 00586nam a22002057a 4500
999 _c16954
_d16954
003 AR-CdUCM
008 190401b ||||| |||| 00| 0 spa d
020 _a9972-728-04-8
040 _aMUNICIPALIDAD PROVINCIAL DEL CUSCO
_cBIBLIOTECA MUNICIPAL DEL CUSCO
082 _aES / 800 /
_bS47
100 _aShakespeare, William
_91013
245 _aRomeo y Julieta /
260 _aLima :
_bPopulibros,
300 _a137 paginas ;
_c17 cm.
505 _aContenido :Romeo y Julieta.
650 _aLiteratura peruana
_9169
650 _aNovelas
_9218
942 _2ddc
_cLIBROS
945 _awfj